| 000 | 01376nam0a22002531 4500 | ||
|---|---|---|---|
| 001 | rc\2686996 | ||
| 005 | 20260406084822.0 | ||
| 035 | _a(NLR Aleph) 006815303 | ||
| 090 |
_a6386405 _c6386405 |
||
| 100 | _a20110915d1933 |||y0rusy50 ca | ||
| 101 | 0 | _arus | |
| 102 | _aRU | ||
| 105 | _aa z ||||| | ||
| 200 | 1 |
_aГазы Монголии _e(По данным Монг. экспедиции Акад. наук 1926 г. и экспедиции Монг. учен. ком-та 1927 г.) _fВ. А. Смирнов |
|
| 210 |
_a[Ленинград] _cГосхимтехиздат. Ленингр. отд-ние _d1933 _gЛОЦТ им. К. Ворошилова |
||
| 215 |
_aОбл., 11 с. _cчерт. _d25х18 см. |
||
| 225 | 1 |
_aПриродные газы СССР. Сборник статей под редакцией академика И. М. Губкина, академика А. Е. Ферсмана и профессора Б. С. Швецова _fКом-т по химизации нар. хоз-ва СССР при Госплане СССР _vВып. дополнительный |
|
| 700 | 1 |
_7ca _8rus _aСмирнов _bВ. А. _cгеохимик _f1874- _gВасилий Александрович _3RU\NLR\AUTH\770279459 _92651426 |
|
| 801 | 0 |
_aRU _bNLR _gpsbo |
|
| 801 | 1 |
_aRU _bELAR _2rusmarc |
|
| 852 |
_aNLR _j33-19/341-30-1 |
||
| 942 | _cBOOK | ||
| 980 | _aNB | ||